Southville International School and Colleges
Your cart is empty.
  • Cart
  • Lists
    Public lists Eva Luna New books Lux_list list_1
    Your lists Log in to create your own lists
  • Log in to your account
  • Your cookies
  • Search history
Southville International School and Colleges
  • Advanced search
  • Recent comments
  • Most popular
  • Libraries

Log in to your account

Log in with GOOGLE


If you do not have an external account, but do have a local account, you can still log in:

  1. Home
  2. MARC view: Merry Christmas, Amelia Bedelia /
Normal view MARC view ISBD view

Merry Christmas, Amelia Bedelia / (Record no. 110844)

[ view plain ]
MARC details
000 -LEADER
fixed length control field 00663nam a2200181 a 4500
001 - CONTROL NUMBER
control field 4095
005 - DATE AND TIME OF LATEST TRANSACTION
control field 20140414131904.0
008 - FIXED-LENGTH DATA ELEMENTS--GENERAL INFORMATION
fixed length control field 081223s19uu xx 00 eng d
020 ## - INTERNATIONAL STANDARD BOOK NUMBER
International Standard Book Number 0-439-49833-3
050 ## - LIBRARY OF CONGRESS CALL NUMBER
Classification number FIC
Item number P21 2002
100 ## - MAIN ENTRY--PERSONAL NAME
Personal name Parish, Peggy.
245 ## - TITLE STATEMENT
Title Merry Christmas, Amelia Bedelia /
Statement of responsibility, etc by Peggy Parish ; pictures by Lynn Sweat.
260 ## - PUBLICATION, DISTRIBUTION, ETC. (IMPRINT)
Place of publication, distribution, etc New York :
Name of publisher, distributor, etc Scholastic,
Date of publication, distribution, etc c2002.
300 ## - PHYSICAL DESCRIPTION
Extent 62 p. : col., ill. cm.
520 ## - SUMMARY, ETC.
Summary, etc As Amelia Bedelia helps Mrs. Rogers prepare for Christmas, she bakes a date cake with a calendar in it and stuffs the children�s stockings with turkey stuffing
650 ## - SUBJECT ADDED ENTRY--TOPICAL TERM
Topical term or geographic name as entry element Christmas
General subdivision Fiction.
Holdings
Withdrawn status Lost status Damaged status Use restrictions Home library Current library Shelving location Date acquired Source of acquisition Cost, normal purchase price Total Checkouts Full call number Barcode Date last seen Price effective from Koha item type
        Munich Library Munich Library Fiction Section 12/23/2008   145.00   FIC P21 2002 M1353 04/14/2014 04/14/2014 Books

Merry Christmas, Amelia Bedelia /

APA

Parish P., . (2002). Merry Christmas, Amelia Bedelia. New York: Scholastic.

Chicago

Parish Peggy, . 2002. Merry Christmas, Amelia Bedelia. New York: Scholastic.

Harvard

Parish P., . (2002). Merry Christmas, Amelia Bedelia. New York: Scholastic.

MLA

Parish Peggy, . Merry Christmas, Amelia Bedelia. New York: Scholastic. 2002.

  • Place hold
  • Print
  • Cite
  • Add to your cart (remove)
  • Save record
    BIBTEX Dublin Core MARCXML MARC (non-Unicode/MARC-8) MARC (Unicode/UTF-8) MARC (Unicode/UTF-8, Standard) MODS (XML) RIS
  • More searches
    Search for this title in:
    Other Libraries (WorldCat) Other Databases (Google Scholar) Online Stores (Bookfinder.com) Open Library (openlibrary.org)

Exporting to Dublin Core...

SOUTHVILLE LIBRARY

Southville International School and Colleges Library

1281 Tropical Ave. Cor. Luxembourg St., BF Homes International, Las Pinas City

Tel. No. 8256374 / 252358 Loc. 117/146

Powered by Koha